000 01707cam a2200409 i 4500
999 _c126291
_d126291
001 19037363
003 ARRUPE
005 20170316100017.0
008 160331t20162016enk b 001 0deng
010 _a 2016015391
020 _a9781784785680 (hbk)
020 _z9781784785710 (US ebk)
020 _z9781784785703 (UK ebk)
040 _aDLC
_beng
_cDLC
_erda
_dDLC
042 _apcc
043 _ae-gx---
050 0 0 _aHM467
_b.J44 2016
082 0 0 _a301.01
_223
100 1 _aJeffries, Stuart,
_d1964-
_929407
245 1 0 _aGrand Hotel Abyss :
_bthe lives of the Frankfurt School /
_cStuart Jeffries.
260 _aLondon
_bVerso
_c2016
300 _a440 p. ;
_c24 cm
504 _aIncludes bibliographical references (pages 393-428) and index.
520 2 _a"Grand Hotel Abyss investigates the lives and afterlives of the critical theorists who formed the Frankfurt School"--
650 0 _aFrankfurt school of sociology
_xHistory.
_929408
650 0 _aCritical theory
_xHistory
_y20th century.
_929409
650 0 _aFrankfurt school of sociology
_vBiography.
_929410
650 0 _aSociologists
_zGermany
_vBiography.
_929411
650 0 _aPhilosophers
_zGermany
_vBiography.
_914969
650 0 _aSociology
_zGermany
_xHistory
_y20th century.
_929412
651 0 _aGermany
_xIntellectual life
_y20th century.
_929413
906 _a7
_bcbc
_corignew
_d1
_eecip
_f20
_gy-gencatlg
942 _2lcc
_cMONOGRAPH